000 00245nam a22001097a 4500
008 160523b xxu||||| |||| 00| 0 eng d
020 _a0805842578
041 _aeng
080 _a316.77
245 _aMixed media:
_cThomas Bivins;
942 _2udc
_cBK
999 _c2383
_d2383